Coniugazione - Dare - Statistics

Statistiche generali
  • Questo quiz è stato fatto 8 volte
  • Il punteggio medio è 41 su 47
Statistiche sulle risposte
Tempo Coniugazione % Corretto
Lui o Lei
100%
Tu Dai
100%
Loro Danno
100%
Lui o Lei Darà
100%
Tu Darai
100%
Loro Daranno
100%
Noi Daremo
100%
Voi Darete
100%
Io Darò
100%
Voi Date
100%
Lui o Lei Dava
100%
Noi Davamo
100%
Loro Davano
100%
Voi Davate
100%
Tu Davi
100%
Io Davo
100%
Noi Diamo
100%
Io Do
100%
(tu) Dai
88%
Lui o Lei Darebbe
88%
Loro Darebbero
88%
Io Darei
88%
Noi Daremmo
88%
Voi Dareste
88%
Tu Daresti
88%
(voi) Date
88%
Tu Desti
88%
che io o tu o lui o lei. Dia
88%
che noi Diamo
88%
(noi) Diamo
88%
che loro Diano
88%
che voi Diate
88%
Io Diedi
88%
Passato Dato
75%
Noi Demmo
75%
Voi Deste
75%
(lui o lei) Dia
75%
Lui o Lei Diede
75%
Loro Diedero
75%
Presente Dando
63%
Presente Dante
63%
che lui o lei Desse
63%
che loro Dessero
63%
che io o tu Dessi
63%
che noi Dessimo
63%
che voi Deste
63%
(loro) Diano
63%
Nessun quiz corrispondente trovato
Distribuzione punteggi
Percentuale di utenti per punteggio
Percentile per numero di risposta
I tuoi punteggi nel tempo
Non hai fatto questo quiz